Loading...
| Mythology | 0 | 6 | 0 | 0 | 60 | 34 | 77.83 | 1 | 3 | 20.95 | 37.11 |
| Science - Other | 0 | 4 | 1 | 0 | 35 | 54 | 86.00 | 0 | 3 | 12.56 | 26.78 |
| Science - Physics | 0 | 3 | 0 | 1 | 30 | 89 | 102.33 | 1 | 1 | 3.86 | 17.27 |
| Philosophy | 0 | 3 | 2 | 0 | 20 | 71 | 81.33 | 0 | 2 | 9.02 | 17.27 |
| Religion | 0 | 2 | 0 | 0 | 20 | 52 | 72.00 | 0 | 2 | 7.59 | 14.05 |
| Literature - American | 0 | 2 | 0 | 0 | 20 | 76 | 85.50 | 0 | 1 | 6.40 | 10.00 |
| Literature - European | 0 | 2 | 0 | 1 | 20 | 131 | 136.00 | 0 | 0 | 0.00 | 4.30 |
| Literature - World | 0 | 2 | 0 | 0 | 20 | 105 | 116.50 | 0 | 0 | 1.39 | 5.21 |
| Social Science | 0 | 1 | 0 | 0 | 10 | 61 | 61.00 | 1 | 1 | 4.89 | 9.09 |
| Literature - British | 0 | 1 | 0 | 0 | 10 | 51 | 51.00 | 0 | 1 | 5.92 | 7.44 |
| Popular Culture | 0 | 1 | 0 | 0 | 10 | 69 | 69.00 | 0 | 0 | 15.91 | 20.00 |
| Science - Biology | 0 | 1 | 0 | 0 | 10 | 41 | 41.00 | 0 | 1 | 5.70 | 5.45 |
| Fine Arts - Classical Music | 0 | 1 | 0 | 0 | 10 | 108 | 108.00 | 0 | 0 | 0.98 | 3.31 |